<?xml version="1.0" encoding="UTF-8"?>
<record
    xmlns:xsi="http://www.w3.org/2001/XMLSchema-instance"
    xsi:schemaLocation="http://www.loc.gov/MARC21/slim http://www.loc.gov/standards/marcxml/schema/MARC21slim.xsd"
    xmlns="http://www.loc.gov/MARC21/slim">

  <leader>01053nam a2200241 a 4500</leader>
  <controlfield tag="001">BRCA_3517</controlfield>
  <controlfield tag="005">20190320204322.0</controlfield>
  <controlfield tag="008">260709s1852----mx-a---###---#000-0#spa-#</controlfield>
  <datafield tag="041" ind1=" " ind2=" ">
    <subfield code="a">spa</subfield>
  </datafield>
  <datafield tag="044" ind1=" " ind2=" ">
    <subfield code="a">mx</subfield>
  </datafield>
  <datafield tag="050" ind1=" " ind2="4">
    <subfield code="a">F1359</subfield>
    <subfield code="b">.I88 1852</subfield>
  </datafield>
  <datafield tag="245" ind1="1" ind2="0">
    <subfield code="a">El istmo de Tehuantepec</subfield>
    <subfield code="b">resultado del reconocimiento que para la construcci&#xF3;n de un ferro-carril de comunicaci&#xF3;n entre los oceanos Atl&#xE1;ntico y Pac&#xED;fico ejecut&#xF3; la comisi&#xF3;n cient&#xED;fica, bajo la direcci&#xF3;n del Sr. J. Barnard...</subfield>
    <subfield code="c">ilustrado, arreglado y preparado por el ayudante pricipal J. J. Williams ; traducido al castellano por Francisco de Arrangoiz.</subfield>
  </datafield>
  <datafield tag="260" ind1=" " ind2=" ">
    <subfield code="a">Mejico</subfield>
    <subfield code="b">V. Garc&#xED;a Torres</subfield>
    <subfield code="c">1852</subfield>
  </datafield>
  <datafield tag="300" ind1=" " ind2=" ">
    <subfield code="a">326 p.</subfield>
    <subfield code="b">il., 1 mapa plegable</subfield>
    <subfield code="c">22 cm.</subfield>
  </datafield>
  <datafield tag="500" ind1=" " ind2=" ">
    <subfield code="a">B121</subfield>
  </datafield>
  <datafield tag="650" ind1="1" ind2="4">
    <subfield code="a">Ferrocarriles</subfield>
    <subfield code="9">9137</subfield>
  </datafield>
  <datafield tag="651" ind1=" " ind2="4">
    <subfield code="a">Tehuantepec (Istmo)</subfield>
    <subfield code="x">Historia</subfield>
    <subfield code="9">9138</subfield>
  </datafield>
  <datafield tag="700" ind1="1" ind2=" ">
    <subfield code="a">Williams, John Jay</subfield>
    <subfield code="d">1818-1904</subfield>
    <subfield code="e">il.</subfield>
    <subfield code="9">9139</subfield>
  </datafield>
  <datafield tag="700" ind1="1" ind2=" ">
    <subfield code="a">Arrangoiz y Berzabal, Francisco de Paula de</subfield>
    <subfield code="e">tr.</subfield>
    <subfield code="9">9140</subfield>
  </datafield>
  <datafield tag="710" ind1="2" ind2=" ">
    <subfield code="a">Tehuantepec Railroad Company of New Orleans</subfield>
    <subfield code="9">9141</subfield>
  </datafield>
  <datafield tag="902" ind1=" " ind2=" ">
    <subfield code="a">GFM</subfield>
  </datafield>
  <datafield tag="942" ind1=" " ind2=" ">
    <subfield code="2">lcc</subfield>
    <subfield code="c">B</subfield>
  </datafield>
  <datafield tag="999" ind1=" " ind2=" ">
    <subfield code="c">3252</subfield>
    <subfield code="d">3252</subfield>
  </datafield>
  <datafield tag="952" ind1=" " ind2=" ">
    <subfield code="0">0</subfield>
    <subfield code="1">0</subfield>
    <subfield code="4">0</subfield>
    <subfield code="7">0</subfield>
    <subfield code="a">BRCA</subfield>
    <subfield code="b">BRCA</subfield>
    <subfield code="d">2009-07-26</subfield>
    <subfield code="i">B121</subfield>
    <subfield code="l">0</subfield>
    <subfield code="o">F1359 .I88 1852 (B121)</subfield>
    <subfield code="p">3514</subfield>
    <subfield code="r">2019-03-22 00:00:00</subfield>
    <subfield code="w">2019-03-22</subfield>
    <subfield code="y">B</subfield>
  </datafield>
</record>
